Statistics for The Fastest Shrinking U.S. Cities

Click here to take the quiz!

General Stats

  • This quiz has been taken 847 times
    (829 since last reset)
  • The average score is 6 of 20

Answer Stats

Rank 2010 Population 2012 Population Change State Answer % Correct
1713,777701,475-12,302MichiganDetroit
99%
2396,815390,928-5,887OhioCleveland
88%
5295,384293,258-1,926New YorkBuffalo
73%
3287,208284,012-3,196OhioToledo
56%
6102,434100,515-1,919MichiganFlint
56%
13319,294318,172-1,122MissouriSt. Louis
54%
1280,29479,170-1,124IndianaGary
47%
16145,170144,170-1,000New YorkSyracuse
35%
866,98265,405-1,577OhioYoungstown
26%
4152,871150,843-2,028IllinoisRockford
21%
798,15396,474-1,679MichiganDearborn
20%
2082,67281,873-799Rhode IslandWarwick
12%
17146,199145,219-980New JerseyPaterson
12%
1180,83079,686-1,144IndianaHammond
9%
996,94295,586-1,356MichiganLivonia
5%
1581,60180,597-1,004OhioParma
4%
1970,14569,220-925North CarolinaJacksonville
3%
1084,09482,883-1,211MichiganWestland
2%
1463,13162,114-1,017MichiganTaylor
2%
1857,77456,838-936MichiganDearborn Heights
2%

Score Distribution

Percentile by Number Answered

Percent of People with Each Score

Your Score History

You have not taken this quiz since the last reset